000 00612nam a22001937a 4500
005 20180607141437.0
010 _aENG-123171
020 _a9788175418769
_c295.00
035 _aEN-106703
037 _bDBAD/PUB
082 _a488.007
100 _aSinha, Anjani K
245 _aEssentials of english language teaching /
_cby Anjani K. Sinha
260 _aDelhi
_bShipra Publications
_c2017
270 _aLG 18-19, Pankaj Central Market, I.P. Ext. Patparganj,
_bDelhi
_e110092
300 _a374p.
_c21cm(pbk)
500 _aIt includes references and index
942 _2ddc
_cEN
_mSIN
_h488.007
999 _c152584
_d152584